| 000 | 01530cam a22003854a 4500 | ||
|---|---|---|---|
| 001 | 119130 | ||
| 005 | 20230410103855.0 | ||
| 008 | 040322s2008 nyuab 000 0 eng | ||
| 035 | _a13532490 | ||
| 010 | _a 2004044682 | ||
| 020 | _a9780425224748 | ||
| 040 |
_aDLC _cDLC _dDLC |
||
| 042 | _apcc | ||
| 043 |
_aa-iq--- _an-us--- |
||
| 050 | 1 | 4 |
_a414 DS 79.76 _bW948g 2008 |
| 082 | 0 | 0 | _a956.7044/3 |
| 100 | 1 | _aWright, Evan. | |
| 245 | 1 | 0 |
_aGeneration kill : _bDevil Dogs, Iceman, Captain America, and the new face of American war / _cEvan Wright. |
| 260 |
_aNew York : _bBerkeley Caliber, _cc2008. |
||
| 300 |
_a370 p. : _bill., 2 maps ; _c24 cm. |
||
| 650 | 0 |
_aIraq War, 2003-2011 _vPersonal narratives, American. |
|
| 651 | 0 |
_aUnited States _xMarine Corps _xMilitary life. |
|
| 650 | 4 | _aGuerra de Iraq, 2003-2011. | |
| 650 | 4 |
_aGuerra de Irak, 2003-2011 _vRelatos personales |
|
| 650 | 4 |
_aAmericanos _zIraq. |
|
| 651 | 4 |
_aIraq _xPolĂtica y gobierno _y2001- |
|
| 651 | 4 |
_aEstados Unidos _xFuerzas armadas _xReclutamiento y alistamiento _yGuerra de Iraq, 2003. |
|
| 650 | 4 |
_aGuerra de Iraq, 2003-2011 _xMovimientos de protesta _zEstados Unidos. |
|
| 650 | 4 | _a20150300 | |
| 856 | 4 | 2 |
_3Contributor biographical information _uhttp://www.loc.gov/catdir/enhancements/fy0716/2004044682-b.html |
| 856 | 4 | 2 |
_3Publisher description _uhttp://www.loc.gov/catdir/enhancements/fy0716/2004044682-d.html |
| 856 | 4 | 1 |
_3Sample text _uhttp://www.loc.gov/catdir/enhancements/fy0716/2004044682-s.html |
| 942 |
_2lcc _cbk |
||
| 946 | _aYSL | ||
| 999 |
_c27530 _d27530 |
||